| 000 | 00531nam a22001811a 4500 | ||
|---|---|---|---|
| 001 | 5382 | ||
| 003 | OSt | ||
| 005 | 20260204212013.0 | ||
| 008 | 060119s1975||||sp ||||||b||||||||||spa|| | ||
| 020 | _a8432505463 | ||
| 050 | _a342.029 F91h | ||
| 100 | _aFarias, Pedro | ||
| 245 | _aBrve historia constitucional de España seguido de los textos constitucionales desde la carta de bayona a la ley orgánica / Pedro Farias | ||
| 264 | _aEspaña : Doncel | ||
| 300 | _a442 p | ||
| 650 | _a1.Historia ConstitucionalÌ | ||
| 942 |
_2ddc _cBK |
||
| 999 |
_c5382 _d5382 |
||